| 000 | 01744nam a22003135a 4500 | ||
|---|---|---|---|
| 003 | OSt | ||
| 005 | 20170201142608.0 | ||
| 008 | 160922s2016 ua frb 000 0 ara d | ||
| 040 |
_aEG-ScBUE _bara _cEG-ScBUE _dEG-ScBUE |
||
| 043 |
_af-ua--- _aa-ye--- |
||
| 082 | 0 | 4 |
_a346.0433 _bص و م _222 |
| 100 | 1 | _aصوملي، عبد الكريم يحيى يحيى. | |
| 245 | 1 | 0 |
_aحق الأجنبي في التملك والاستثمار العقاري : _bدراسة مقارنة في القانون الوضعي المصري واليمني مع الاهتمام بالأنظمة الخليجية والفقه الإسلامي / _cعبد الكريم يحيى يحيى الصوملي. |
| 250 | _aط. 1. | ||
| 260 |
_aالقاهرة : _bدار النهضة العربية، _c2016. |
||
| 300 |
_a639 ص. ؛ _c24 سم. |
||
| 504 | _aيشتمل على إرجاعات ببليوجرافية. | ||
| 650 | 0 |
_aالملكية العقارية _xقوانين وتشريعات _2BUEsh _zمصر. _940901 |
|
| 650 | 0 |
_aالملكية العقارية _xقوانين وتشريعات _2BUEsh _zاليمن. |
|
| 650 | 0 |
_aالملكية العقارية _xقوانين وتشريعات _2BUEsh _zدول الخليج العربية |
|
| 650 | 0 |
_aالملكية (فقه إسلامي) _2BUEsh |
|
| 650 | 0 |
_aالعقارات (فقه إسلامي) _2BUEsh |
|
| 650 | 0 |
_aالاستثمارات الأجنبية _xقوانين وتشريعات _2BUEsh _zمصر. |
|
| 650 | 0 |
_aالاستثمارات الأجنبية _xقوانين وتشريعات _2BUEsh _zاليمن. |
|
| 650 | 0 |
_aالاستثمارات الأجنبية _xقوانين وتشريعات _2BUEsh _zدول الخليج العربية. |
|
| 651 | _2BUEsh | ||
| 653 |
_bLLAAWW _cFebruary2017 |
||
| 942 | _2ddc | ||
| 999 |
_c24059 _d24031 |
||